00227nam a2200097Ia 4500008004100000082001500041100001700056245002300073260001800096600001500114241002s9999 xx 000 0 und d a808.85 RUS aRuskin, John 0aSesame And lilifes aLondon:c1933 aLiterature